000 00542nam a2200193 a 4500
001 3868300
005 20240202021213.0
008 881007s1988 ii b 001 0 eng
020 _a8170301238 :
040 _aDLC
_cDLC
_dDLC
082 0 0 _a306/.09549/3
_219
_bHETT.
100 1 _aHettiaratchi, S. B.
245 1 0 _aSocial and cultural history of ancient Sri Lanka /
_cby S.B. Hettiaratchi.
250 _a1st ed.
260 _aDelhi, India :
_bSri Satguru Publications,
_c1988.
300 _a302 p. ;
500 _aIncludes index.
942 _cL
999 _c275
_d275